<?xml version="1.0" encoding="UTF-8"?><?xml-stylesheet type="text/xsl" href="static/style.xsl"?><OAI-PMH xmlns="http://www.openarchives.org/OAI/2.0/" xmlns:xsi="http://www.w3.org/2001/XMLSchema-instance" xsi:schemaLocation="http://www.openarchives.org/OAI/2.0/ http://www.openarchives.org/OAI/2.0/OAI-PMH.xsd"><responseDate>2026-04-27T13:49:41Z</responseDate><request verb="GetRecord" identifier="oai:uvadoc.uva.es:10324/6741" metadataPrefix="marc">https://uvadoc.uva.es/oai/request</request><GetRecord><record><header><identifier>oai:uvadoc.uva.es:10324/6741</identifier><datestamp>2021-06-29T10:12:54Z</datestamp><setSpec>com_10324_38</setSpec><setSpec>col_10324_852</setSpec></header><metadata><record xmlns="http://www.loc.gov/MARC21/slim" xmlns:doc="http://www.lyncode.com/xoai" xmlns:xsi="http://www.w3.org/2001/XMLSchema-instance" xmlns:dcterms="http://purl.org/dc/terms/" xsi:schemaLocation="http://www.loc.gov/MARC21/slim http://www.loc.gov/standards/marcxml/schema/MARC21slim.xsd">
<leader>00925njm 22002777a 4500</leader>
<datafield tag="042" ind1=" " ind2=" ">
<subfield code="a">dc</subfield>
</datafield>
<datafield tag="720" ind1=" " ind2=" ">
<subfield code="a">Toledo Celada, María</subfield>
<subfield code="e">author</subfield>
</datafield>
<datafield tag="260" ind1=" " ind2=" ">
<subfield code="c">2014</subfield>
</datafield>
<datafield tag="520" ind1=" " ind2=" ">
<subfield code="a">El tema esencial de la presente propuesta es la incorporación de las nuevas tecnologías en la educación y la importancia de éstas en las relaciones y formación de la Comunidad Educativa. Las TIC están cada vez más presentes en la sociedad  que nos circunda y negarlo sería distanciarnos de una realidad que forma parte de nuestras vidas diarias. Los niños aceptan con normalidad este hecho, asumiendo las TIC dentro de su entorno. Como maestros y desde nuestro centro, hemos creído conveniente y necesario formar en el buen uso de éstas, conscientes de que se debe educar en y con ellas. Preocupados además de las posibles desigualdades sociales que podrían provocar el no acercamiento de estos recursos a nuestro  alumnado, aislado ya de por si por las condiciones socioeconómicas y la situación física (una escuela del medio rural, el CEIP “Virgen del Brezo), han hecho que nos planteáramos este reto.</subfield>
</datafield>
<datafield tag="024" ind2=" " ind1="8">
<subfield code="a">http://uvadoc.uva.es/handle/10324/6741</subfield>
</datafield>
<datafield ind1=" " ind2=" " tag="653">
<subfield code="a">Educación</subfield>
</datafield>
<datafield ind1=" " ind2=" " tag="653">
<subfield code="a">Tecnología educativa</subfield>
</datafield>
<datafield tag="245" ind1="0" ind2="0">
<subfield code="a">Las TIC y su impacto en el proceso de enseñanza-aprendizaje en el CEIP "Virgen del Brezo"</subfield>
</datafield>
</record></metadata></record></GetRecord></OAI-PMH>